| 000 | 00435cam a22001575a 4500 | ||
|---|---|---|---|
| 001 | J101040 | ||
| 008 | 000000s1934 xxk 000 0 eng u | ||
| 035 | _a(Sirsi) u101040 | ||
| 110 |
_aChartered Surveyors' Institution _92274 |
||
| 245 | 0 | 4 | _aThe logical application of legislation to the slum. December 1934. |
| 260 | _c1934 | ||
| 300 | _a8p. | ||
| 651 | 4 |
_aUnited Kingdom _y |
|
| 690 |
_aResidential property _96266 |
||
| 942 | _n0 | ||
| 999 |
_c100002 _d100002 |
||